Paulistão A4 2025 - Statistics

Estatísticas Gerais
  • Esse quiz foi jogado 19 vezes
  • A pontuação média é 11 de 16
Estatísticas das Respostas
Cidade Time % Correto
Penápolis Penapolense
100%
Barretos Barretos
95%
São Caetano do Sul São Caetano
95%
Jundiaí Paulista
89%
Taquaritinga Taquaritinga
89%
Osasco Audax
79%
Bebedouro Inter de Bebedouro
79%
São Paulo Nacional
79%
Matão Matonense
74%
Santa Bárbara d'oeste União Barbarense
68%
Caieiras Colorado Caieiras
53%
Santos Jabaquara
53%
Assis VOCEM
53%
São José dos Campos Joseense
42%
Araçatuba AEA
26%
São Carlos Grêmio Sãocarlense
26%
Nenhum quiz correspondente encontrado
Distribuição das Pontuações
Porcentagem de Pessoas com Cada Pontuação
Percentil de Números Respondidos
Sua Pontuação Histórica
Você não jogou esse quiz